00425nam a2200121Ia 4500003000400000005001700004008004100021040001800062041000800080100003900088245014300127260003300270OSt20260130152401.0211028s2018 xx 000 0 und d cAIMIT LIBRARY aeng aVarghese S M; Harinakshi.g1616212 aMotivations and gratification of television entertainment programs of various genre: an empirical study on goodness TV viewers in Kerala / aMangalorebHarinakshi.c2018